[Event "Marienbad IM-I 2022"]
[Site "Marianske Lazne"]
[Date "2022.01.15"]
[Round "1.12"]
[White "Ricken, Katharina"]
[Black "Bracker, Arne"]
[Result "0-1"]
[WhiteElo "2004"]
[BlackElo "2268"]
[Annotator "ChessBase"]
[PlyCount "74"]
[EventDate "2022.01.15"]
[EventType "tourn"]
[EventCountry "CZE"]
[SourceTitle "playchess.com"]
[Source "ChessBase"]
[SourceQuality "1"]
[TimeControl "40/5400+30:1800+30"]

1. Nf3 {[%emt 0:00:01]} Nf6 {[%emt 0:00:26]} 2. g3 {[%emt 0:00:02]} g6 {[%emt 0:00:21]} 3. b3 {[%emt 0:00:03]} Bg7 {[%emt 0:00:13]} 4. Bb2 {[%emt 0:00:04]} d6 {[%emt 0:00:19]} 5. d4 {[%emt 0:00:03]} c5 {[%emt 0:00:25]} 6. c4 {[%emt 0:00:05]} Ne4 {[%emt 0:00:45]} 7. Nbd2 {[%emt 0:03:52]} Qa5 {[%emt 0:00:59]} 8. e3 {[%emt 0:07:09]} Nc6 {[%emt 0:12:19]} 9. Qc1 {[%emt 0:05:54]} Bg4 {[%emt 0:25:13]} 10. Bg2 {[%emt 0:03:20]} O-O {[%emt 0:19:55]} 11. h3 {[%emt 0:05:57]} Bxf3 {[%emt 0:02:08]} 12. Bxf3 {[%emt 0:00:11]} Nxd2 {[%emt 0:01:27]} 13. Qxd2 {[%emt 0:00:01]} Qxd2+ {[%emt 0:00:25]} 14. Kxd2 {[%emt 0:00:01]} cxd4 {[%emt 0:00:19]} 15. exd4 {[%emt 0:01:11]} Nxd4 {[%emt 0:03:58]} 16. Bxb7 {[%emt 0:00:59]} Rab8 {[%emt 0:01:57]} 17. Bg2 {[%emt 0:00:33]} Nxb3+ {[%emt 0:01:54]} 18. axb3 {[%emt 0:00:02]} Bxb2 {[%emt 0:00:14]} 19. Rxa7 {[%emt 0:00:22]} e6 20. Rd7 {[%emt 0:06:44]} Rxb3 {[%emt 0:06:51]} 21. Rxd6 {[%emt 0:01:06]} Rc8 {[%emt 0:02:48]} 22. Rc6 {[%emt 0:02:17]} Rcb8 {[%emt 0:01:23]} 23. Rd1 {[%emt 0:06:01]} Bd4 {[%emt 0:00:18]} 24. Ke1 {[%emt 0:02:03]} e5 {[%emt 0:02:09]} 25. Rf6 {[%emt 0:02:24]} Kg7 {[%emt 0:00:54]} 26. Rf3 {[%emt 0:03:46]} Rb2 {[%emt 0:00:14]} 27. Rd2 {[%emt 0:00:56]} Rb1+ {[%emt 0:02:19]} 28. Rd1 {[%emt 0:00:49]} e4 {[%emt 0:01:08]} 29. Ra3 {[%emt 0:02:42]} Bxf2+ {[%emt 0:06:14]} 30. Ke2 {[%emt 0:01:35]} R8b2+ {[%emt 0:01:08]} 31. Rd2 Rxd2+ {[%emt 0:00:59]} 32. Kxd2 {[%emt 0:00:31]} f5 {[%emt 0:00:20]} 33. g4 {[%emt 0:01:11]} Rg1 {[%emt 0:00:18]} 34. Bf1 {[%emt 0:02:27]} Rxf1 {[%emt 0:00:51]} 35. Ke2 {[%emt 0:00:00]} Bc5 {[%emt 0:00:25]} 36. Ra5 {[%emt 0:00:12]} Rf2+ {[%emt 0:00:08]} 37. Ke1 {[%emt 0:00:10]} Bb4+ {[%emt 0:00:06]} 0-1

[Event "Marienbad IM-I 2022"]
[Site "Marianske Lazne"]
[Date "2022.01.15"]
[Round "1.13"]
[White "Plischki, Sebastian"]
[Black "Mantovani, Renzo"]
[Result "1-0"]
[WhiteElo "2375"]
[BlackElo "2272"]
[Annotator "ChessBase"]
[PlyCount "69"]
[EventDate "2022.01.15"]
[EventType "tourn"]
[EventCountry "CZE"]
[SourceTitle "playchess.com"]
[Source "ChessBase"]
[SourceQuality "1"]
[TimeControl "40/5400+30:1800+30"]

1. d4 {[%emt 0:00:05]} d5 {[%emt 0:00:49]} 2. c4 {[%emt 0:00:17]} e6 {[%emt 0:00:10]} 3. Nc3 {[%emt 0:00:30]} a6 {[%emt 0:02:39]} 4. cxd5 {[%emt 0:01:40]} exd5 {[%emt 0:00:08]} 5. Nf3 {[%emt 0:00:19]} c6 {[%emt 0:00:10]} 6. Qc2 {[%emt 0:05:21]} Bd6 {[%emt 0:07:31]} 7. e4 {[%emt 0:04:06]} dxe4 {[%emt 0:01:14]} 8. Nxe4 {[%emt 0:00:11]} Bb4+ {[%emt 0:04:59]} 9. Nc3 {[%emt 0:02:57]} Nf6 {[%emt 0:07:50]} 10. Bc4 {[%emt 0:02:56]} O-O {[%emt 0:01:56]} 11. O-O {[%emt 0:00:05]} Bg4 {[%emt 0:07:13]} 12. Qb3 {[%emt 0:11:56]} Bxc3 {[%emt 0:02:50]} 13. bxc3 {[%emt 0:03:25]} Bxf3 {[%emt 0:12:03]} 14. Qxb7 {[%emt 0:02:57]} Bd5 {[%emt 0:13:12]} 15. Bxd5 {[%emt 0:00:29]} Nxd5 {[%emt 0:04:11]} 16. Qxa8 {[%emt 0:11:38]} Qb6 {[%emt 0:03:40]} 17. c4 {[%emt 0:05:11]} Nc7 {[%emt 0:27:05]} 18. c5 {[%emt 0:00:19]} Qb4 {[%emt 0:00:25]} 19. Qa7 {[%emt 0:00:26]} Nb5 {[%emt 0:00:15]} 20. Qb7 {[%emt 0:02:39]} Qxd4 {[%emt 0:00:30]} 21. Be3 {[%emt 0:00:19]} Qd7 {[%emt 0:01:24]} 22. Qxd7 {[%emt 0:00:56]} Nxd7 {[%emt 0:00:02]} 23. Rfd1 {[%emt 0:00:51]} Nf6 {[%emt 0:00:02]} 24. a4 {[%emt 0:01:01]} Nc3 {[%emt 0:00:03]} 25. Rd6 {[%emt 0:00:47]} Rc8 {[%emt 0:00:03]} 26. Rd3 {[%emt 0:02:07]} Ncd5 {[%emt 0:00:14]} 27. Rb1 {[%emt 0:00:40]} h6 {[%emt 0:00:02]} 28. g3 {[%emt 0:00:20]} Re8 {[%emt 0:00:30]} 29. Kf1 {[%emt 0:01:21]} Re4 {[%emt 0:00:06]} 30. Bd4 {[%emt 0:01:12]} a5 {[%emt 0:00:56]} 31. f3 {[%emt 0:02:01]} Re8 {[%emt 0:00:17]} 32. Bxf6 {[%emt 0:00:22]} gxf6 {[%emt 0:00:08]} 33. Kf2 {[%emt 0:00:43]} Re5 {[%emt 0:00:15]} 34. Rb7 {[%emt 0:05:10]} Kg7 {[%emt 0:00:33]} 35. Ra7 {[%emt 0:00:40]} 1-0

[Event "Marienbad IM-I 2022"]
[Site "Marianske Lazne"]
[Date "2022.01.15"]
[Round "1.14"]
[White "Redzisz, Michal"]
[Black "Jurek, Josef"]
[Result "1/2-1/2"]
[WhiteElo "2261"]
[BlackElo "2207"]
[Annotator "ChessBase"]
[PlyCount "28"]
[EventDate "2022.01.15"]
[EventType "tourn"]
[EventCountry "CZE"]
[SourceTitle "playchess.com"]
[Source "ChessBase"]
[SourceQuality "1"]
[TimeControl "40/5400+30:1800+30"]

1. Nf3 {[%emt 0:00:08]} Nf6 {[%emt 0:00:26]} 2. d4 {[%emt 0:00:46]} e6 {[%emt 0:00:34]} 3. g3 {[%emt 0:02:47]} c5 {[%emt 0:01:35]} 4. Bg2 {[%emt 0:00:45]} cxd4 {[%emt 0:01:03]} 5. Nxd4 {[%emt 0:00:13]} d5 {[%emt 0:00:34]} 6. O-O {[%emt 0:03:31]} e5 {[%emt 0:00:54]} 7. Nb3 {[%emt 0:02:14]} Be6 {[%emt 0:00:32]} 8. Bg5 {[%emt 0:02:11]} Nbd7 {[%emt 0:00:34]} 9. e4 {[%emt 0:20:59]} dxe4 {[%emt 0:07:23]} 10. Nc3 {[%emt 0:04:32]} Be7 {[%emt 0:03:57]} 11. Nxe4 {[%emt 0:12:54]} Nxe4 {[%emt 0:01:05]} 12. Bxe7 {[%emt 0:00:02]} Qxe7 {[%emt 0:11:26]} 13. Bxe4 {[%emt 0:00:03]} Nf6 {[%emt 0:03:23]} 14. Bg2 {[%emt 0:01:08]} O-O 1/2-1/2

[Event "Marienbad IM-I 2022"]
[Site "Marianske Lazne"]
[Date "2022.01.16"]
[Round "2.11"]
[White "Matras, Ondrej"]
[Black "Frank, Adam"]
[Result "1/2-1/2"]
[WhiteElo "2223"]
[BlackElo "2339"]
[Annotator "TA"]
[PlyCount "88"]
[EventDate "2022.01.15"]
[EventType "tourn"]
[EventCountry "CZE"]
[SourceTitle "playchess.com"]
[Source "ChessBase"]
[SourceQuality "1"]

{[%evp 17,88,23,58,6,17,0,5,-25,8,0,27,21,53,54,67,58,91,81,88,62,86,0,0,0,0,0,0,0,46,15,39,26,54,-67,-63,-64,-77,-76,-68,-76,-65,-79,-76,-70,-37,-43,-45,-32,-29,-29,-25,-32,-35,-24,-8,-14,0,0,0,0,0,0,0,0,0,0,0,0,0,0,0,0,0]} 1. d4 Nf6 2. c4 g6 3. Nc3 Bg7 4. e4 d6 5. f3 O-O 6. Be3 a6 7. Qd2 Nc6 8. Nge2 Bd7 9. Rc1 Rb8 10. g3 {E84: King's Indian: Sämisch Panno: 7 Nge2 a6 8 Qd2 Rb8.} (10. h4 $14) 10... b5 $11 11. cxb5 axb5 12. Bg2 e6 {To avoid Nd5} 13. O-O b4 14. Nd1 {[%cal Bc3d1,Bd1f2,Bf2e4][%mdl 32] [#]} Ra8 $146 ({Predecessor:} 14... Ne7 15. Nf2 Bb5 16. Nd3 Nd7 17. Rc2 d5 18. Rfc1 e5 19. Nxe5 Nxe5 20. dxe5 dxe4 21. fxe4 Qxd2 22. Rxd2 Bxe2 23. Rxc7 {1-0 (63) Gupta,A (2577)-Gislason,G (2382) Reykjavik 2010}) 15. b3 $1 Qc8 16. Nf2 Qa6 {[#]} 17. Rc2 Rfb8 18. f4 Rb5 19. e5 (19. g4 $16) 19... Nd5 20. Ne4 Nce7 21. Bf2 Ra5 {[%cal Ra5a2]} 22. Nc1 Rf8 (22... h5 $11 {might be stronger.}) 23. Re1 $14 h5 24. Nd3 Qb6 25. Nb2 (25. h3 $14) 25... Rxa2 $15 26. Nc4 {[%csl LRa2,LRb6,LRd6]} Rxc2 27. Qxc2 Qa7 28. Qb2 Ra8 {[%cal Bf8a8,Ba8a2,Ba2a3,Ba3b3,Bb3b2,Bb2c2][%mdl 32]} 29. exd6 cxd6 30. Nexd6 Qa2 31. Qxa2 Rxa2 32. Ne5 Bxe5 33. dxe5 Ra3 34. Ne4 Bc6 35. Bc5 Rxb3 36. Ra1 $1 {The position is equal.} Rb2 37. Bxe7 Nxe7 38. Nf6+ Kg7 39. Bxc6 Nxc6 $11 {KRN-KRN} 40. Ra8 $1 Ne7 {Hoping for ...b3.} 41. Re8 Rc2 {[%cal Ob4b3] [#] ...b3! is the strong threat.} 42. Rxe7 {Threatens to win with Rb7.} b3 {Strongly threatening ...b2.} 43. Re8 b2 {[%cal Rb2b1]} 44. Rg8+ Kh6 {Weighted Error Value: White=0.14 (very precise) /Black=0.13 (very precise)} 1/2-1/2

[Event "Marienbad IM-I 2022"]
[Site "Marianske Lazne"]
[Date "2022.01.16"]
[Round "2.12"]
[White "Jurek, Josef"]
[Black "Gnojek, Petr"]
[Result "1-0"]
[WhiteElo "2207"]
[BlackElo "2257"]
[Annotator "TA"]
[PlyCount "55"]
[EventDate "2022.01.15"]
[EventType "tourn"]
[EventCountry "CZE"]
[SourceTitle "playchess.com"]
[Source "ChessBase"]
[SourceQuality "1"]

{[%evp 13,55,13,29,28,50,41,76,50,89,72,74,44,60,31,30,20,20,31,25,20,21,29,357,348,353,345,344,353,359,373,350,343,382,393,670,661,29989,29990,29990,1426,2274,2131,1871,1324]} 1. Nf3 d6 2. d4 g6 3. g3 Bg7 4. Bg2 f5 5. O-O Nf6 6. b4 O-O 7. Bb2 Qe8 8. c4 {A81: Dutch Defence: 2 g3.} c6 9. a4 Kh8 10. Qb3 {White is better.} h6 11. Nbd2 {[#]} Be6 $146 ({Predecessor:} 11... g5 12. d5 Na6 13. dxc6 bxc6 14. Nd4 Bd7 15. b5 Nc5 16. Qc2 Nfe4 17. Nxe4 fxe4 {1-0 (53) Benitez Galeano,A (2053)-Heinechen,J (2029) Asuncion 2018}) 12. Rfe1 {[%cal Od4d5,Bf1e1,Be1e4,Be4e6][%mdl 32]} Nbd7 13. e4 fxe4 $1 14. Nxe4 Nxe4 15. Rxe4 Bxc4 16. Qe3 (16. Qxc4 d5 17. Qe2 dxe4 18. Qxe4 Nf6 $15) 16... Rf7 17. Re1 {[%cal Od4d5]} e6 $2 {[%mdl 8192] A mistake that costs the game.} (17... Nf6 $11 {and Black is okay.} 18. Rxe7 Rxe7 19. Qxe7 Qxe7 20. Rxe7 Re8 21. Rxb7 Bd5) 18. d5 $1 $18 {[%mdl 64] Strongly threatening Qxh6+. Discovered Attack} Bxb2 19. dxe6 Bxe6 20. Rxe6 Qg8 21. Qxh6+ Rh7 22. Qd2 ({Less strong is} 22. Qxg6 Qxg6 23. Rxg6 Bc3 $18) 22... Be5 23. Ng5 (23. R6xe5 Nxe5 24. Ng5 (24. Nxe5 dxe5 25. Rxe5 Re8 $11) (24. Qxd6 Nxf3+ 25. Bxf3 Qf8 $11) 24... Re7 $16) (23. Nxe5 Qxe6 24. Nxc6 Ne5 $16) 23... Rg7 (23... Nf8) 24. Re4 {Black must now prevent Rh4+.} Qc8 25. Rh4+ Kg8 {[#]} 26. Bh3 (26. Bd5 $142 $1 {[%mdl 512]} Rf7 27. Rxg6+ Kf8 28. Nxf7 cxd5 29. Nxe5 Nxe5 30. Rh8+ Ke7 31. Qg5+ Kd7 32. Rh7+ Nf7 33. Rxf7+ Kc6 {[#]} 34. Rxd6+ $3 {[%mdl 512]} Kxd6 35. Qe7+ Kc6 36. Qc5#) 26... Qc7 {[#]} 27. Rxe5 $1 {[%mdl 512]} Nxe5 28. Be6+ {Weighted Error Value: White=0.07 (flawless) /Black=1.05} 1-0

[Event "Marienbad IM-I 2022"]
[Site "Marianske Lazne"]
[Date "2022.01.16"]
[Round "2.13"]
[White "Mantovani, Renzo"]
[Black "Redzisz, Michal"]
[Result "1/2-1/2"]
[WhiteElo "2272"]
[BlackElo "2261"]
[Annotator "TA"]
[PlyCount "110"]
[EventDate "2022.01.15"]
[EventType "tourn"]
[EventCountry "CZE"]
[SourceTitle "playchess.com"]
[Source "ChessBase"]
[SourceQuality "1"]

{[%evp 11,110,-8,-10,-27,-23,-25,8,-53,-33,-47,-48,-41,-36,-45,-48,-62,-20,-10,-22,-96,-99,-91,-97,-100,-50,-74,-56,-83,-51,-172,-172,-180,-184,-175,-164,-183,-172,-182,-148,-173,-182,-182,-176,-271,-239,-238,-244,-270,-266,-256,-244,-244,-244,-352,-339,-364,-364,-401,-233,-262,-196,-227,-229,-204,-188,-244,-222,-230,-141,-141,0,-141,-141,-163,-163,-163,-156,-156,-141,-141,-141,-147,0,-141,0,-147,-141,-141,-141,-147,-147,-147,-147,-147,-147,-147,0,-18,0,-147,0]} 1. b3 Nf6 2. Bb2 g6 3. Nf3 Bg7 4. e3 O-O 5. d4 d6 6. Nbd2 Nbd7 7. Nc4 {A48: 1 d4 Nf6 2 Nf3 g6: Torre, London and Colle Systems.} a5 8. a4 {[#]} c6 $146 {[%cal Bc7c6,Bc6b5,Bb5b4][%mdl 32]} ({Predecessor:} 8... b6 9. Be2 Bb7 10. O-O Re8 11. Qc1 Ne4 12. Rd1 e6 13. Ncd2 Nxd2 14. Rxd2 e5 {1-0 (65) Turikov,V (2259)-Huss,B (2122) Vilnius 2014}) 9. g3 (9. Bd3 $11) 9... Qc7 10. Bg2 b5 11. axb5 cxb5 12. Ncd2 b4 13. O-O {[%cal Of3e5]} Ba6 (13... Nb6 $15 {might be stronger.}) 14. Re1 $11 Rfc8 15. Qb1 (15. Rc1 $11 {keeps the balance.}) 15... Bb7 $1 $17 ({Much worse is} 15... Qxc2 $6 16. Rxa5 Bf8 17. Nc4 Qxb1 18. Rxb1 $11) 16. Rc1 Nd5 {Inhibits c3.} 17. Ne1 e5 (17... N7f6 $17) 18. dxe5 $15 Bxe5 19. Nc4 Bc3 20. Nd3 (20. Rd1 $15 N7f6 21. e4 Bxb2 22. Qxb2) 20... a4 $19 {[%cal Ba5a4,Ba4a3][%mdl 32] aiming for ...a3.} 21. e4 Bxb2 22. Qxb2 Nc3 23. Re1 a3 24. Qc1 Ba6 $36 {[%mdl 2048] Black is really pushing.} 25. Nxb4 {Threatens to win with Qd2.} Bxc4 26. bxc4 Qxc4 27. Nd3 (27. Nd5 {is the only way for White.} Nxd5 28. exd5) 27... Ne5 28. Nxe5 dxe5 29. Rxa3 Ne2+ {[%mdl 64] Discovered Attack} 30. Rxe2 Rxa3 ({Worse is} 30... Qxe2 31. Bf1 Qg4 32. Rxa8 Rxa8 33. Qb1 $17) 31. Bf1 Rc3 32. Qb2 (32. h4 {was worth a try.}) 32... Qd4 {[%cal Oc3g3] White must now prevent ...Rxg3+!} 33. Qa2 R8c4 34. Kg2 {[#]} Ra4 (34... Rxc2 $142 $3 {[%mdl 512]} 35. Qb3 (35. Rxc2 Qxe4+) 35... Rxe2 36. Bxe2 Qxe4+ 37. Qf3 Qxf3+ 38. Kxf3 Rb4) 35. Qb1 Rca3 36. Re1 Kg7 $1 37. Qb7 Ra1 38. Rxa1 (38. Re3 $142) 38... Rxa1 {[%mdl 4096] Endgame KQR-KQB} 39. Bd3 Qc3 40. Qe7 {[%cal Od3c4] To avoid Qc5} Qd4 {To avoid Bc4} (40... Rc1 $17 41. h4 h6) 41. h4 (41. Qb7 $1 $11) 41... h5 $17 42. Qg5 Rd1 {...f6 is the strong threat.} 43. Kf3 Qc3 44. Qe3 Rg1 45. Qb6 Rc1 46. Qe3 Rg1 47. Qb6 $1 Rc1 48. Qe3 Re1 49. Qb6 Qa1 {[%cal Og6g5] Hoping for ...g5!} 50. Qc5 Qd1+ 51. Kg2 Rg1+ 52. Kh2 Rh1+ 53. Kg2 {[#]} Rg1+ ({Black should play} 53... Qg1+ $1 $17 54. Kf3 Rh2 55. Qxe5+ Kh7) 54. Kh2 $1 $11 Rh1+ (54... Qa1 $11) 55. Kg2 $17 {[#]} Rg1+ {Weighted Error Value: White=0.24 (precise) /Black=0.27 (precise)} (55... Qg1+ $1 $17 56. Kf3 Rh2 57. Qxe5+ Kh7) 1/2-1/2

[Event "Marienbad IM-I 2022"]
[Site "Marianske Lazne"]
[Date "2022.01.16"]
[Round "2.14"]
[White "Bracker, Arne"]
[Black "Plischki, Sebastian"]
[Result "1/2-1/2"]
[WhiteElo "2268"]
[BlackElo "2375"]
[Annotator "TA"]
[PlyCount "47"]
[EventDate "2022.01.15"]
[EventType "tourn"]
[EventCountry "CZE"]
[SourceTitle "playchess.com"]
[Source "ChessBase"]
[SourceQuality "1"]

{[%evp 17,47,20,15,28,26,21,33,20,32,19,25,11,2,16,10,8,0,0,8,10,42,0,0,0,0,0,0,-8,0,0,0,0]} 1. e4 c5 2. Nf3 e6 3. d4 cxd4 4. Nxd4 a6 5. Bd3 Bc5 6. Nb3 Ba7 7. Qe2 Nc6 8. Be3 d6 9. Nc3 b5 10. a4 {B42: Sicilian: Kan Variation: 5 Bd3.} b4 11. Nb1 {[#]} Nge7 $146 ({Predecessor:} 11... Nf6 12. N1d2 O-O 13. O-O e5 14. Rad1 Ne7 15. Nc4 Ng6 16. g3 Bh3 17. Rfe1 Bg4 {½-½ (42) Aberg,A-Sjoberg,M (2460) Gothenburg 1994}) 12. N1d2 {White is slightly better.} O-O 13. O-O Ne5 14. f4 Nxd3 15. cxd3 a5 16. Bxa7 Rxa7 17. Qe3 Ra8 18. Nc4 d5 19. Nb6 (19. Ncd2 $14) 19... Rb8 $11 {The position is equal.} 20. Nxc8 Rxc8 21. Rfc1 Rxc1+ 22. Rxc1 dxe4 23. dxe4 Qd7 24. Nc5 {An even fight not without its subleties.  Weighted Error Value: White=0.08 (flawless) /Black=0.05 (flawless)} 1/2-1/2

[Event "Marienbad IM-I 2022"]
[Site "Marianske Lazne"]
[Date "2022.01.16"]
[Round "2.15"]
[White "Smolik, Jachym"]
[Black "Ricken, Katharina"]
[Result "1-0"]
[WhiteElo "2244"]
[BlackElo "2004"]
[Annotator "TA"]
[PlyCount "55"]
[EventDate "2022.01.15"]
[EventType "tourn"]
[EventCountry "CZE"]
[SourceTitle "playchess.com"]
[Source "ChessBase"]
[SourceQuality "1"]

{[%evp 12,55,28,27,46,41,54,54,63,59,57,65,65,50,73,48,312,307,306,302,359,350,482,478,747,733,719,707,787,625,866,841,1164,1120,1104,1104,1046,1011,2082,734,1302,1202,29992,29992,29994,29995]} 1. d4 e6 2. c4 Bb4+ 3. Bd2 Qe7 4. g3 Nf6 5. Bg2 Nc6 6. e3 Bxd2+ 7. Qxd2 O-O {E00: Catalan Bogo-Indian (3 g3 Bb4+).} 8. Nc3 d6 9. Nge2 e5 {White is slightly better.} 10. O-O Bg4 11. Nd5 Qd8 12. Nec3 {[#]} Rb8 $146 ({Predecessor:} 12... exd4 13. exd4 Nxd5 14. Nxd5 Qd7 15. Rfe1 {½-½ (15) Stamenkovic,Z (2421)-Vratonjic,S (2439) Golubac 2003}) 13. h3 {White is more active.} Bh5 $2 {[%mdl 8192] This costs Black the game.} (13... Bd7 $14) 14. f4 $18 exf4 15. exf4 {[%cal Be3f4,Bf4f5,Bf5f6][%mdl 32]} ({Not} 15. Rxf4 Nxd5 16. cxd5 (16. Nxd5 Ne7 $14) 16... Ne7 $14) (15. Nxf4 Bg6 $14) 15... h6 16. f5 Re8 17. g4 Nxg4 (17... Bxg4 $142 18. hxg4 a6) 18. hxg4 Bxg4 19. f6 g5 20. Rae1 Qd7 21. Ne4 {[%cal Od5e7] [#] Hoping for Ne7+!} Bh5 22. Ne7+ Kh7 23. Qd3 {White wants to mate with Nxg5+.} Kh8 24. Ng3 Bg4 25. Ngf5 (25. Bxc6 $142 bxc6 26. Rf2) 25... Bxf5 26. Nxf5 {[#] Qh3 would kill now.} h5 27. Qf3 g4 28. Qf4 {Weighted Error Value: White=0.21 (precise) /Black=1.04} 1-0

[Event "Marienbad IM-I 2022"]
[Site "Marianske Lazne"]
[Date "2022.01.17"]
[Round "3.11"]
[White "Ricken, Katharina"]
[Black "Matras, Ondrej"]
[Result "0-1"]
[WhiteElo "2004"]
[BlackElo "2223"]
[Annotator "TA"]
[PlyCount "92"]
[EventDate "2022.01.15"]
[EventType "tourn"]
[EventCountry "CZE"]
[SourceTitle "playchess.com"]
[Source "ChessBase"]
[SourceQuality "1"]

{[%evp 9,92,36,33,35,45,31,37,39,44,35,46,30,36,40,44,43,44,22,54,39,30,16,56,40,35,16,70,15,36,46,29,32,42,47,28,31,91,54,102,93,145,135,150,108,112,92,79,0,0,0,0,0,0,0,0,-36,-51,-43,-53,-311,-304,-272,-281,-395,-351,-366,-375,-424,-412,-407,-380,-501,-460,-531,-524,-6187,-479,-6287,-627,-837,-806,-5069,-2772,-1446,-1313]} 1. Nf3 b5 2. e4 Bb7 3. Bxb5 Bxe4 4. O-O Nf6 5. Be2 e6 6. c4 {A04: Unusual lines after 1 Nf3 and King's Indian Attack.} Be7 7. Nc3 Bb7 8. d4 {[#] White is slightly better.} O-O $146 ({Predecessor:} 8... d6 9. Ng5 O-O 10. Bf3 Qc8 11. Re1 Nbd7 12. Bf4 h6 13. Nge4 Nxe4 14. Nxe4 Nf6 {0-1 (54) Gross,T (1951)-Gierse,H (1953) Germany 2016}) 9. Bf4 d6 10. h3 Nbd7 11. b4 Ne4 12. Nxe4 Bxe4 13. Re1 Bf6 14. Qd2 e5 15. Be3 Re8 16. Rad1 exd4 17. Bxd4 (17. Nxd4 {with more complications.} a6 18. Nb3 Ne5 19. c5 d5 20. Bd4) 17... Bxd4 (17... Qb8 $11) 18. Qxd4 (18. Nxd4 $14 Ne5 19. c5) 18... Qf6 19. c5 Bxf3 20. Qxf6 Nxf6 21. Bxf3 Rxe1+ 22. Rxe1 $14 {[%mdl 4096] Endgame KRB-KRN} Rd8 (22... Re8 $14 23. Rb1 Kf8) 23. Re7 Rd7 (23... dxc5 $14 24. bxc5 Rc8) 24. Re3 $16 d5 (24... dxc5 $142 25. bxc5 Kf8) 25. c6 Rd6 26. b5 (26. Re7 $142 {Threatens to win with b5.} Rxc6 {[#]} 27. Bxd5 $1 {[%mdl 512]} Rc1+ 28. Kh2) 26... Rd8 27. Re7 Rc8 28. Bg4 ({Better is} 28. Kf1 $16) 28... Kf8 $11 29. Rxf7+ Kxf7 30. Bxc8 {KB-KN} Ke7 31. Kf1 Kd6 32. Ke2 Kc5 33. a4 Ne4 {[#] ...Nc3+ is the strong threat.} 34. Ba6 $2 {[%mdl 8192]} (34. Ke3 $15) 34... Nc3+ $19 35. Kd3 Nxa4 36. f4 (36. g4 {might work better.}) 36... Nb2+ 37. Kc2 Nc4 {Strongly threatening ...Ne3+.} 38. g4 Nd6 39. h4 Nxb5 40. f5 Nd4+ {Black is clearly winning.} 41. Kd3 Nxc6 42. g5 Kd6 (42... Nb4+ $142 43. Ke3 Nxa6) 43. h5 (43. Ke3 $142 Nb4 44. Bb5) 43... Ne7 (43... Nb4+ $142 44. Kc3 Nxa6) 44. g6 hxg6 45. h6 gxh6 46. f6 Nc6 {Never resign too early!  Weighted Error Value: White=0.88/Black=0.36} 0-1

[Event "Marienbad IM-I 2022"]
[Site "Marianske Lazne"]
[Date "2022.01.17"]
[Round "3.12"]
[White "Plischki, Sebastian"]
[Black "Smolik, Jachym"]
[Result "1-0"]
[WhiteElo "2375"]
[BlackElo "2244"]
[Annotator "TA"]
[PlyCount "85"]
[EventDate "2022.01.15"]
[EventType "tourn"]
[EventCountry "CZE"]
[SourceTitle "playchess.com"]
[Source "ChessBase"]
[SourceQuality "1"]

{[%evp 14,85,16,33,28,33,32,32,45,47,87,61,89,81,112,64,91,88,104,125,136,100,89,94,150,137,141,131,137,130,156,91,98,95,93,95,125,120,138,138,136,119,125,141,141,118,119,122,122,121,871,861,914,824,778,785,745,724,746,741,663,562,1453,29940,29956,29960,29960,29961,29951,29953,29960,6183,6070,3601]} 1. d4 d5 2. c4 dxc4 3. e4 e5 4. Nf3 exd4 5. Bxc4 Nc6 6. O-O Be6 7. Bxe6 fxe6 8. Qb3 Qd7 {D20: Queen's Gambit Accepted: 3 e3 and 3 e4.} 9. Qxb7 Rb8 10. Qa6 Nge7 {White is slightly better. outshines the older 10...Nf6.} 11. Nbd2 {[#]} h6 $146 ({Predecessor:} 11... Ng6 12. a3 Bd6 13. g3 O-O 14. Ne1 e5 15. Qe2 a5 16. Nc4 Qc8 17. Nd3 Qa6 {1-0 (47) Le,Q (2709)-Aronian,L (2782) Kolkata 2021}) 12. a3 g5 13. b4 Bg7 14. Bb2 ({Better is} 14. b5 $16) 14... O-O {[#]} 15. Rac1 $1 e5 16. Rc5 Rb6 17. Qc4+ Kh7 18. Rc1 Qd6 (18... Qe8 $142) 19. Qe2 Qe6 20. Ne1 Ng6 21. g3 {Inhibits Nf4.} Rf6 22. Nd3 (22. Nc4 $142 Rb8 23. Nd3) 22... Bf8 $16 23. R5c2 {[%cal Ob4b5]} Qe8 24. Kh1 a5 {[%cal Ra5b4]} 25. Nc4 Rb7 {[%cal Ra5b4]} 26. Nxa5 {White is more active.} Nxa5 27. Rxc7+ ({Much worse is} 27. bxa5 $6 Bd6 $14) 27... Rf7 28. Rxf7+ Rxf7 29. bxa5 Qb5 30. Kg2 (30. f4 {keeps more tension.} gxf4 31. gxf4 exf4 32. Nxf4 Qxe2 33. Nxe2 d3 34. Nd4) 30... Qxa5 31. Rc6 {[%cal Oh2h4]} Bxa3 $2 {[%mdl 8192] This costs Black the game.} (31... Rc7 $16 32. Re6 Re7) 32. Bxa3 $18 Qxa3 {[#]} 33. Rxg6 $1 {[%mdl 512]} Kxg6 34. Nxe5+ Kg7 35. Nxf7 Kxf7 {[%mdl 4096] Endgame KQ-KQ} 36. Qc4+ Kg6 37. Qxd4 {Threatens to win with Qb6+.} Qa2 38. Qd6+ Kg7 39. Qe5+ Kg6 40. Qf5+ Kg7 41. h4 gxh4 42. gxh4 {[%cal Bg3h4,Bh4h5][%mdl 32] Intending e5 and mate.} Qd2 43. h5 {Weighted Error Value: White=0.08 (flawless) /Black=0.13 (very precise)} 1-0